British Actors - Sudden Death - Statistics

General Stats
  • This quiz has been taken 7,353 times
    1,197 since last reset
  • The average score is 21 of 49
Answers on the Grid
Answers color-coded by a green-red scale on the quiz's grid according to % correct below.
Patrick Stewart
Morgan Freeman
Harrison Ford
Samuel L. Jackson
Rowan Atkinson
Peter Capaldi
Russell Crowe
Alan Rickman
Al Pacino
Tom Hanks
Keanu Reeves
Kevin Spacey
Hugh Jackman
Nicolas Cage
Robert Pattinson
Leonardo DiCaprio
Richard Gere
Brian Cox
Tom Hardy
James Dean
Steve McQueen
Robbie Coltrane
Timothée Chalamet
Stephen Graham
Alec Guinness
Clark Gable
Bradley Cooper
Christian Bale
Denzel Washington
Ryan Gosling
Ben Kingsley
Heath Ledger
Gregory Peck
Eddie Redmayne
Jack Nicholson
Tom Hiddleston
Joaquin Phoenix
Humphrey Bogart
Adam Driver
George Clooney
Orlando Bloom
Jeremy Irons
Matt Damon
Daniel Radcliffe
Jason Momoa
Gerard Butler
Laurence Olivier
Sean Penn
Jude Law
Clive Owen
Kirk Douglas
Robert Carlyle
James McAvoy
Hugh Grant
Matthew Rhys
James Caan
Daniel Craig
John Cazale
Tim Roth
Gary Oldman
Johnny Depp
Timothy Dalton
Chuck Norris
Michael Caine
Robert Duvall
Eddie Murphy
Colin Firth
Marlon Brando
Wesley Snipes
Michael Sheen
Ewan McGregor
Taron Egerton
Rex Harrison
John Hurt
Ian McKellen
Paul Newman
Will Smith
Sean Connery
Robert De Niro
Tom Cruise
Idris Elba
Jason Statham
Robin Williams
Alan Cumming
Rhys Ifans
Anthony Hopkins
Clint Eastwood
Dustin Hoffman
Brad Pitt
Richard Burton
Daniel Day-Lewis
Christopher Walken
Bruce Willis
Daniel Kaluuya
Richard Madden
Gene Hackman
James Cosmo
Ron Perlman
Ralph Fiennes
 
Answer Stats
Answer % Correct
Alan Rickman
64%
Rowan Atkinson
64%
Daniel Radcliffe
59%
Daniel Craig
55%
Patrick Stewart
55%
Tom Hardy
55%
Colin Firth
54%
Tom Hiddleston
54%
Hugh Grant
53%
Eddie Redmayne
52%
Ian McKellen
52%
Idris Elba
51%
Ewan McGregor
50%
Jude Law
50%
Michael Caine
50%
Ralph Fiennes
50%
Robert Pattinson
50%
Gary Oldman
49%
James McAvoy
49%
Ben Kingsley
47%
Sean Connery
46%
Anthony Hopkins
43%
Christian Bale
42%
Peter Capaldi
42%
Robbie Coltrane
42%
Alec Guinness
41%
Jason Statham
41%
Jeremy Irons
40%
Orlando Bloom
39%
Taron Egerton
39%
Brian Cox
38%
Daniel Day-Lewis
38%
Alan Cumming
36%
Gerard Butler
36%
Rhys Ifans
36%
Stephen Graham
36%
Laurence Olivier
35%
Timothy Dalton
35%
Clive Owen
33%
Daniel Kaluuya
32%
John Hurt
32%
Michael Sheen
31%
Robert Carlyle
31%
Tim Roth
31%
Richard Burton
30%
Matthew Rhys
28%
Richard Madden
28%
Rex Harrison
23%
James Cosmo
15%
No matching quizzes found
Score Distribution
Percent of People with Each Score
Percentile by Number Answered
Your Score History
You have not taken this quiz since the last reset